000 00415nam a2200133Ia 4500
008 100328s9999 xx 000 0 und d
082 _b64647
100 _aराजे प्रभा चंद्रकांत.
245 _aस्वप्न सुंदरी.
260 _bSheth.
630 _aस्वप्न सुंदरी.
730 _aस्वप्न सुंदरी.
942 _cBOOK
999 _c550423
_d550420